000 00355nam a2200145Ia 4500
008 240624s9999 xx 000 0 und d
041 _aeng
082 _a657 WEY
100 _aWEYGANDT JERRY J
245 _aFINANCIAL ACCOUNTING
250 _a(4th ed.)
260 _c2003
_aSingapore
_bJohn Wiley and Sons
300 _axxxv, : 836 : cm. ; 25
365 _c
999 _c3691
_d3691